|
|
|
|
| LEADER |
01860nam a2200433 i 4500 |
| 001 |
EBC3400325 |
| 003 |
MiAaPQ |
| 005 |
20200520144314.0 |
| 006 |
m o d | |
| 007 |
cr cnu|||||||| |
| 008 |
131226t20122012ctu ob 001 0 eng|d |
| 020 |
|
|
|z 1931332541
|
| 020 |
|
|
|z 9781931332545
|
| 020 |
|
|
|a 9781931332736
|q (electronic bk.)
|
| 035 |
|
|
|a (MiAaPQ)EBC3400325
|
| 035 |
|
|
|a (Au-PeEL)EBL3400325
|
| 035 |
|
|
|a (CaPaEBR)ebr10817871
|
| 035 |
|
|
|a (OCoLC)874968103
|
| 040 |
|
|
|a MiAaPQ
|b eng
|e rda
|e pn
|c MiAaPQ
|d MiAaPQ
|
| 050 |
|
4 |
|a HD49
|b .E54 2012
|
| 100 |
1 |
|
|a Engemann, Kurt J.
|
| 245 |
1 |
0 |
|a Business continuity and risk management :
|b essentials of organizational resilience /
|c by Kurt J. Engemann, PhD, CBCP, Douglas M. Henderson, FSA, CBCP.
|
| 264 |
|
1 |
|a Brookfield, Connecticut, USA :
|b Rothstein Associates Inc., Publisher,
|c [2012]
|
| 264 |
|
4 |
|c 2012
|
| 300 |
|
|
|a 1 online resource (370 pages)
|
| 336 |
|
|
|a text
|2 rdacontent
|
| 337 |
|
|
|a computer
|2 rdamedia
|
| 338 |
|
|
|a online resource
|2 rdacarrier
|
| 504 |
|
|
|a Includes bibliographical references and index.
|
| 505 |
0 |
|
|a section I. Development -- section II. Implementation -- section III. Maintenance -- section IV. Risk modeling -- section V. Case studies -- section VI. Additional information.
|
| 588 |
|
|
|a Description based on online resource; title from PDF title page (ebrary, viewed December 26, 2013).
|
| 590 |
|
|
|a Electronic reproduction. Ann Arbor, MI : ProQuest, 2015. Available via World Wide Web. Access may be limited to ProQuest affiliated libraries.
|
| 650 |
|
0 |
|a Crisis management.
|
| 650 |
|
0 |
|a Emergency management.
|
| 650 |
|
0 |
|a Risk management.
|
| 655 |
|
4 |
|a Electronic books.
|
| 700 |
1 |
|
|a Henderson, Douglas M.
|
| 797 |
2 |
|
|a ProQuest (Firm)
|
| 856 |
4 |
0 |
|u https://ebookcentral.proquest.com/lib/matrademy/detail.action?docID=3400325
|z Click to View
|